Biggest Cities in Mongolia - Statistics

General Stats
  • This quiz has been taken 22 times
  • The average score is 3 of 10
Answer Stats
Population City % Correct
1,405,064 Ulaanbaatar
100%
83,475 Erdenet
68%
74,784 Darkhan
63%
35,811 Mörön
42%
38,572 Choibalsan
32%
29,445 Ölgii
21%
29,056 Hovd
16%
30,115 Nalaikh
5%
27,193 Arwayheer
0%
29,873 Bayanhongor
0%
No matching quizzes found
Score Distribution
Percent of People with Each Score
Percentile by Number Answered
Your Score History
You have not taken this quiz